京王電鉄の駅 - Statistics

General Stats
  • This quiz has been taken 9 times
  • The average score is 65 of 76
Answer Stats
Answer % Correct
新宿
100%
笹塚
100%
明大前
100%
上北沢
100%
千歳烏山
100%
仙川
100%
つつじヶ丘
100%
柴崎
100%
調布
100%
東府中
100%
府中
100%
分倍河原
100%
高幡不動
100%
北野
100%
京王八王子
100%
新宿
100%
初台
100%
笹塚
100%
調布
100%
京王稲田堤
100%
京王よみうりランド
100%
京王永山
100%
京王多摩センター
100%
橋本
100%
東府中
100%
高幡不動
100%
北野
100%
高尾
100%
渋谷
100%
明大前
100%
吉祥寺
100%
桜上水
86%
国領
86%
西調布
86%
飛田給
86%
中河原
86%
聖蹟桜ヶ丘
86%
幡ヶ谷
86%
京王多摩川
86%
稲城
86%
若葉台
86%
京王堀之内
86%
南大沢
86%
府中競馬正門前
86%
多摩動物公園
86%
山田
86%
高尾山口
86%
神泉
86%
駒場東大前
86%
下北沢
86%
久我山
86%
井の頭公園
86%
代田橋
71%
下高井戸
71%
八幡山
71%
芦花公園
71%
布田
71%
武蔵野台
71%
多磨霊園
71%
百草園
71%
南平
71%
平山城址公園
71%
多摩境
71%
東松原
71%
永福町
71%
西永福
71%
浜田山
71%
富士見ヶ丘
71%
三鷹台
71%
長沼
57%
京王片倉
57%
めじろ台
57%
狭間
57%
池ノ上
57%
新代田
57%
高井戸
57%
No matching quizzes found
Score Distribution
Percent of People with Each Score
Percentile by Number Answered
Your Score History
You have not taken this quiz